Every 100,000+ city in USA: Utah - Statistics

General Stats
  • This quiz has been taken 43 times
  • The average score is 7 of 10
Answer Stats
Letter Population City % Correct
O 603,511 Ogden
100%
S-L-C 2,612,705 Salt Lake City
100%
P 417,065 Provo
94%
W-V-C 146,513 West Valley City
82%
O 103,851 Orem
79%
W-J 119,406 West Jordan
76%
S-G 157,403 St. George
74%
L 132,870 Logan
65%
S 101,260 Sandy
41%
L 104,039 Layton
32%
No matching quizzes found
Score Distribution
Percent of People with Each Score
Percentile by Number Answered
Your Score History
You have not taken this quiz